| 000 | 00575nam a2200133Ia 4500 | ||
|---|---|---|---|
| 008 | 171212s9999 xx 000 0 und d | ||
| 020 | _a9780833030276 | ||
| 100 | _aMcCarthy, Kevin F.;Jinnett, Kimberly J. | ||
| 245 |
_cMcCarthy, Kevin F.;Jinnett, Kimberly J. _aA New Framework for Building Participation in the Arts |
||
| 260 |
_bRAND Corporation _c2001 |
||
| 650 | _aArts -- United States -- Citizen participation; Arts facilities -- Social aspects -- United States; Arts surveys -- United States | ||
| 650 | _aEducation | ||
| 856 | _uwww.jstor.org/stable/10.7249/mr1323wrdf | ||
| 999 |
_c351650 _d351650 |
||